000 02012cam a22004934i 4500
003 PE-LiUPU
005 20250731165519.0
008 150623s r 000 0 d
020 _a9509368148
035 _a(Sirsi) i9789509368149
040 _aPE-LiUPU
_bspa
_cPE-LiUPU
_erda
049 _aPRUA
082 0 4 _a230.16
_bI591996
_221
110 2 _aInstituto Superior Evangélico de Estudios Teológicos
245 1 0 _aBibliografía teológica comentada :
_bdel área iberoamericana.
_n24 /
_cInstituto Superior Evangélico de Estudios Teológicos.
264 1 _aBuenos Aires :
_bInstituto Superior Evangélico de Estudios Teológicos,
_c1998.
300 _a533 páginas ;
_c22 centímetros
336 _atext
_2rdacontent
337 _aunmediated
_2rdamedia
338 _avolume
_2rdacarrier
500 _aIncluye índice temático, bíblico, etc.
505 0 _aCiencias sociales en correlación. Teología Práctica. Historia de las iglesias. Biblia. Contexto Biblico. Teología sistemática. Indice temático. Indice de nombres e instituciones. Indice bíblico.
526 _aSEG44
526 _aSEG26
526 _aP151
526 _aP150
526 _aP149
526 _aP146
526 _aP145
526 _aP126
526 _aP125
526 _aP92
526 _aP75
526 _aP74
526 _aP27
526 _aP15
650 0 4 _aTeología
_xBibliografías
_zIberoamérica.
942 _2ddc
_cBOOK
949 _aRC 230.16 I59 24 1996
_wDEWEY
_c1
_i51778
_lCCODEBUL1
_mBUL
_p10.00
_r0
_sY
_tBOOK
_u2015-6-24
_xTEOLOGIA
_PP35
_0COMPRA
_o.CIRCNOTE. No olvidar cambiar la fecha de devolución!!!!!!!
_o.STAFF. Colección General
994 _aC0
_bPEPRU
596 _a1
999 _aRC 230.16 I59 24 1996
_wDEWEY
_c33534
_i51778
_f2021-11-8
_g6
_lCCODEBUL1
_mBUL
_p10.00
_r1
_sY
_tBOOK
_u2015-6-24
_xTEOLOGIA
_PP35
_0COMPRA
_o.CIRCNOTE. No olvidar cambiar la fecha de devolución!!!!!!!
_o.STAFF. Colección General
_d33534
980 _81
_gALBERTO SANCHEZ Responsable de Automatización